| 000 | 00677nam a2200205 a 4500 | ||
|---|---|---|---|
| 005 | 20210223132911.0 | ||
| 008 | 160503s2009 mx r 000 0 spa d | ||
| 020 | _a9786075000466 | ||
| 035 | _aUPN01000210081 | ||
| 049 | _aI | ||
| 050 | 4 |
_aQ182.3 _bV3.2 |
|
| 100 | 1 |
_aVanCleave, Janice Pratt, _d1942- _930251 |
|
| 245 | 1 | 0 |
_aDescubrimientos científicos que nos cambiaron la vida : _blogros de la ciencia / _cJanice VanCleave. |
| 260 |
_aMéxico : _bLimusa-Wiley, _c2009. |
||
| 300 |
_a134 p. : _bil. |
||
| 440 | 0 | _aBiblioteca científica para niños y jóvenes | |
| 650 | 4 |
_aCIENCIA - _xEXPERIMENTOS - _vLITERATURA JUVENIL _96316 |
|
| 905 | _aInfantil | ||
| 999 |
_c182182 _d182182 |
||